000 00560nam a2200205Ia 4500
001 23441
003 GE_BSU
008 181216s||||||||xx |||||||||||||| ||und||
040 _cGE_BSU
245 _aГенетика. Том 54, №6 том54.Июнь. 2018
245 _cГл. ред. Янковский
260 _aмосква
260 _bнаука
260 _c2018г
300 _a739с;28см;
653 _aГенетика.№6 том54. Июнь.2018
653 _aПериодика
653 _aპერიოდიკა
942 _cCR
999 _c56328
_d56328